| 000 | 00345nam a2200145Ia 4500 | ||
|---|---|---|---|
| 005 | 20251222144922.0 | ||
| 008 | 251222s9999||||xx |||||||||||||| ||spa|| | ||
| 020 | _a968-18-6301-1 | ||
| 082 | _a001.4/M43 | ||
| 100 | _aMercado Hernández, Salvador | ||
| 245 | 0 | _a¿Cómo Hacer Una Tesis? | |
| 250 | _a3a.ed. | ||
| 264 | _bLimusa | ||
| 942 | _cLIB | ||
| 999 |
_c22768 _d22768 |
||